Sports Quiz

Random Sports or World Quiz

Top XIs: 2002 FIFA World Cup (Group E-H) Quiz Stats

 Plays Quiz not verified by Sporcle

Challenge
Share
Tweet
Embed
Score 0/176 Timer 16:00
0 Plays Today
Nation Player % Correct
GermanyOliver Kahn
95.3%
EnglandDavid Seaman
94.6%
ItalyGianluigi Buffon
94.3%
ArgentinaGabriel Batistuta
93.3%
EnglandDavid Beckham
93.3%
EnglandPaul Scholes
92.9%
EnglandMichael Owen
92.9%
Republic of IrelandRobbie Keane
91.9%
ItalyFrancesco Totti
91.6%
CameroonSamuel Eto'o
90.6%
EnglandAshley Cole
90.2%
GermanyMichael Ballack
90.2%
EnglandRio Ferdinand
89.9%
ItalyAlessandro Nesta
89.2%
GermanyMiroslav Klose
88.9%
ItalyFabio Cannavaro
88.6%
EnglandEmile Heskey
87.5%
ItalyPaolo Maldini
87.5%
ItalyChristian Vieri
87.2%
SwedenHenrik Larsson
86.5%
EnglandSol Campbell
86.2%
GermanyOliver Neuville
85.2%
ArgentinaJavier Zanetti
83.5%
ItalyCristiano Zanetti
83.5%
BelgiumMarc Wilmots
82.8%
ArgentinaJuan Sebastián Verón
81.5%
CameroonRigobert Song
80.1%
MexicoRafael Márquez
79.8%
Republic of IrelandShay Given
78.1%
JapanKoji Nakata
77.8%
JapanHidetoshi Nakata
77.8%
CroatiaStipe Pletikosa
76.1%
CroatiaNiko Kovač
74.7%
CroatiaRobert Kovač
74.4%
GermanyBernd Schneider
74.4%
ArgentinaClaudio López
74.1%
EnglandNicky Butt
73.7%
MexicoCuauhtémoc Blanco
73.7%
ArgentinaAriel Ortega
73.1%
GermanyThomas Linke
72.7%
GermanyChristoph Metzelder
72.1%
GermanyTorsten Frings
72.1%
ArgentinaJuan Pablo Sorín
71%
NigeriaJay-Jay Okocha
71%
ArgentinaWálter Samuel
70.7%
ItalyGianluca Zambrotta
70%
ArgentinaDiego Simeone
69.4%
GermanyDietmar Hamann
68.4%
SwedenOlof Mellberg
68%
ItalyChristian Panucci
67.3%
GermanyCarsten Ramelow
65%
GermanyChristian Ziege
64%
EnglandDanny Mills
63.6%
SwedenMagnus Svensson
63%
SwedenAnders Svensson
63%
NigeriaTaribo West
62%
Republic of IrelandDamien Duff
62%
JapanShinji Ono
60.9%
CroatiaIvica Olić
59.9%
Nation Player % Correct
CameroonPatrick M'Boma
57.6%
CameroonGeremi
56.2%
MexicoJared Borgetti
56.2%
ItalyDamiano Tommasi
55.6%
CroatiaRobert Jarni
54.5%
CroatiaJosip Šimunić
54.2%
BelgiumBart Goor
53.9%
CroatiaAlen Bokšić
52.9%
JapanJunichi Inamoto
52.2%
SwedenNiclas Alexandersson
52.2%
CameroonMarc-Vivien Foé
51.5%
BelgiumDaniel Van Buyten
50.8%
SwedenMagnus Hedman
50.8%
EcuadorUlises de la Cruz
50.5%
MexicoGerardo Torrado
49.5%
NigeriaJoseph Yobo
49.5%
Republic of IrelandIan Harte
49.5%
MexicoJohan Rodríguez
49.2%
SwedenMarcus Allbäck
48.8%
EcuadorAgustín Delgado
48.5%
MexicoÓscar Pérez
48.1%
NigeriaCelestine Babayaro
48.1%
CameroonPierre Womé
47.8%
Republic of IrelandMatt Holland
47.5%
RussiaValeri Karpin
46.1%
EnglandTrevor Sinclair
45.5%
RussiaViktor Onopko
45.5%
ArgentinaPablo Cavallero
44.4%
ArgentinaMauricio Pochettino
44.4%
CroatiaMilan Rapaić
44.1%
CameroonLauren
42.8%
Republic of IrelandSteve Staunton
42.8%
Republic of IrelandKevin Kilbane
41.8%
SwedenTeddy Lučić
41.8%
CroatiaZvonimir Soldo
41.1%
TunisiaHatem Trabelsi
40.7%
EcuadorIván Hurtado
40.4%
Republic of IrelandGary Kelly
40.1%
EcuadorÉdison Méndez
39.4%
BelgiumGeert De Vlieger
38%
Republic of IrelandSteve Finnan
38%
EcuadorCarlos Tenorio
37.7%
CameroonRené-Salomon Olembé
36.7%
Saudi ArabiaMohamed Al-Deayea
36.7%
SwedenTobias Linderoth
36.4%
JapanTakayuki Suzuki
35.4%
CameroonRaymond Kalla
33.7%
Republic of IrelandGary Breen
33.7%
RussiaYegor Titov
33.7%
Republic of IrelandMark Kinsella
33%
BelgiumGert Verheyen
32.7%
ArgentinaDiego Placente
32.3%
SwedenJohan Mjällby
32%
CroatiaStjepan Tomas
31.6%
TunisiaRadhi Jaïdi
31.6%
NigeriaJulius Aghahowa
31.3%
RussiaRuslan Nigmatullin
31%
BelgiumTimmy Simons
30.3%
BelgiumNico Van Kerckhoven
29.6%
Nation Player % Correct
EcuadorMarlon Ayoví
29.6%
JapanSeigo Narazaki
29.3%
BelgiumYves Vanderhaeghe
27.9%
ItalyCristiano Doni
27.9%
BelgiumJohan Walem
25.9%
TunisiaAli Boumnijel
25.9%
CameroonAlioum Boukar
24.6%
EcuadorJosé Francisco Cevallos
24.6%
NigeriaIke Shorunmu
24.6%
RussiaVladimir Beschastnykh
24.2%
JapanAtsushi Yanagisawa
23.6%
JapanTsuneyasu Miyamoto
22.9%
TunisiaZied Jaziri
22.9%
MexicoRamón Morales
22.2%
RussiaYuri Nikiforov
22.2%
BelgiumGlen De Boeck
21.9%
CameroonBill Tchato
21.2%
MexicoJesús Arellano
20.5%
RussiaYuri Kovtun
19.5%
Saudi ArabiaNawaf Al-Temyat
18.9%
EcuadorCléber Chalá
18.5%
MexicoBraulio Luna
17.8%
TunisiaRiadh Bouazizi
17.8%
SwedenAndres Jakobsson
16.8%
BelgiumJacky Peeters
16.2%
JapanKazuyuki Toda
16.2%
MexicoManuel Vidrio
15.8%
EcuadorAlfonso Obregón
15.5%
NigeriaIfeanyi Udeze
15.5%
Saudi ArabiaAbdullah Zubromawi
15.5%
NigeriaIsaac Okoronkwo
15.2%
CroatiaDaniel Šarić
14.8%
NigeriaEfe Sodje
14.1%
EcuadorRaúl Guerrón
13.8%
JapanNaoki Matsuda
13.8%
MexicoSalvador Carmona
13.1%
RussiaIgor Semshov
13.1%
RussiaDmitri Khokhlov
12.8%
RussiaRuslan Pimenov
12.1%
Saudi ArabiaAl Hassan Al-Yami
11.8%
NigeriaJustice Longs Christopher
11.4%
NigeriaBartholomew Ogbeche
11.4%
Saudi ArabiaIbrahim Al-Shahrani
11.4%
Saudi ArabiaRedha Tukar
11.1%
RussiaAndrei Solomatin
10.8%
TunisiaKaies Ghodhbane
10.8%
TunisiaKhaled Badra
9.8%
TunisiaHassan Gabsi
9.8%
JapanTomokazu Myojin
9.4%
Saudi ArabiaMohammed Al-Jahani
9.1%
Saudi ArabiaAbdulaziz Khathran
8.8%
TunisiaRaouf Bouzaiene
8.8%
TunisiaSelim Benachour
8.8%
Saudi ArabiaFouzi Al-Shehri
8.1%
Saudi ArabiaAbdullah Al-Waked
7.7%
EcuadorAugusto Poroso
7.4%
Saudi ArabiaHussein Abdul Ghani
4.4%
TunisiaMourad Melki
4.4%

You're not logged in!

Compare scores with friends on all Sporcle quizzes.
Join for Free
OR
Log In

You Might Also Like...

Show Comments

Extras

Top Quizzes Today


Score Distribution

Your Account Isn't Verified!

In order to create a playlist on Sporcle, you need to verify the email address you used during registration. Go to your Sporcle Settings to finish the process.

Report this User

Report this user for behavior that violates our Community Guidelines.

Details: